00784nam a2200229 a 450000100060000000300080000600500170001400800410003103500190007203500110009104000270010204100080012908200210013710000410015824501500019926000630034930000210041250000200043365000430045365100330049670000250052943063BD-RjUL20211209053636.0160619s19691958maua b 001 0 eng d a(BD-RjUL)43181 a978330 aANLbengcANLdBD-RjUL aeng04a942.27bGRE 19691 aGras, Norman Scott Briend1884-1956.14aThe economic and social history of an English village :b(Crawley, Hampshire) A.D. 909-1928 /cby Norman Scott Brien Gras and Ethel Culbert Gras. aCamb., Mass. :bHarvard Univ. Press,c1958 [Reissued 1969] a730 p. ;c21 cm. aIncluding index 0aVillageszEnglandzHampshirexHistory. 0aCrawley (Hampshire, England)1 aGras, Ethel Culbert.